000
00303nam a2200121Ia 4500
008
190216s9999||||xx |||||||||||||| ||und||
100
_a
Mohammed Kutti Ki
245
0
_a
Subsidiary Rasthandram
260
_b
Kerala Bhasha Institute
_c
1988
300
_a
603p
650
_a
Chemistry-Chemistry
942
_c
BK
999
_c
40514
_d
40514